Кн. 2; Теория интерполирования функций

Bibliographische Detailangaben
Parent link:Теория интерполирования функций: в 2 кн./ А. А. Привалов. Кн. 2.— , 1990
Sprache:Russisch
Veröffentlicht: 1990
Schlagworte:
Format: MixedMaterials Buch
KOHA link:https://koha.lib.tpu.ru/cgi-bin/koha/opac-detail.pl?biblionumber=202730

MARC

LEADER 00000nam2a2200000 4500
001 202730
005 20231031185424.0
010 |a 5292000566 
035 |a (RuTPU)RU\TPU\book\220919 
035 |a RU\TPU\book\220328 
090 |a 202730 
100 |a 20111019d1990 k y0rusy50 ca 
101 0 |a rus 
102 |a RU 
105 |a y z 000zy 
200 0 |a Кн. 2 
210 |d 1990 
215 |a 231-424 с. 
461 1 |0 (RuTPU)RU\TPU\book\220654  |t Теория интерполирования функций  |o в 2 кн.  |f А. А. Привалов  |v Кн. 2  |d 1990 
610 1 |a функции 
610 1 |a интерполирование 
610 1 |a функциональный анализ 
610 1 |a линейные пространства 
610 1 |a интерполяционные формулы 
610 1 |a полиномы 
610 1 |a многочлены 
610 1 |a константы Лебега 
610 1 |a интерполяционные процессы 
610 1 |a теория 
675 |a 517.518.8  |v 3 
801 1 |a RU  |b 63413507  |c 20111007 
801 2 |a RU  |b 63413507  |c 20131206  |g RCR 
942 |c BK